Normal view
MARC view
Entry Personal Name
001 - CONTROL NUMBER
- control field: 51207
003 - CONTROL NUMBER IDENTIFIER
- control field: ARRUPE
005 - DATE AND TIME OF LATEST TRANSACTION
- control field: 20220406091141.0
008 - FIXED-LENGTH DATA ELEMENTS
- fixed length control field: 220406|| aca||aabn | a|a d
040 ## - CATALOGING SOURCE
- Original cataloging agency: ARRUPE
- Transcribing agency: ARRUPE
100 ## - HEADING--PERSONAL NAME
- Personal name: Kümmel, Werner Georg,
- Dates associated with a name: 1905-1995
670 ## - SOURCE DATA FOUND
- Source citation: Work cat.: (ARRUPE)131251: Kümmel, Werner Georg, 1905-1995., The New Testament:, 1970